| 000 -LEADER |
| fixed length control field |
00456nam a22001457a 4500 |
| 005 - DATE AND TIME OF LATEST TRANSACTION |
| control field |
20230808095909.0 |
| 008 - FIXED-LENGTH DATA ELEMENTS--GENERAL INFORMATION |
| fixed length control field |
230808s1959 gw ||||| |||| 00| 0 ger d |
| 041 ## - LANGUAGE CODE |
| Language code of text/sound track or separate title |
ger |
| 080 ## - UNIVERSAL DECIMAL CLASSIFICATION NUMBER |
| Universal Decimal Classification number |
94(042.4) L-74 |
| 245 ## - TITLE STATEMENT |
| Title |
Limes Romanus Konferenz Nitra : |
| Remainder of title |
Vorträge herausgegeben als Sonderband / |
| Statement of responsibility, etc. |
Red. Anton Tocik. |
| 264 ## - PRODUCTION, PUBLICATION, DISTRIBUTION, MANUFACTURE, AND COPYRIGHT NOTICE |
| Place of production, publication, distribution, manufacture |
Bratislava, |
| Date of production, publication, distribution, manufacture, or copyright notice |
1959. |
| 300 ## - PHYSICAL DESCRIPTION |
| Extent |
152 p. ; |
| Other physical details |
26 cm. |
| 700 ## - ADDED ENTRY--PERSONAL NAME |
| Personal name |
Tocik, Anton |
| Relator term |
რედაქტორი |
| 9 (RLIN) |
19629 |
| 942 ## - ADDED ENTRY ELEMENTS (KOHA) |
| Source of classification or shelving scheme |
|
| Koha item type |
წიგნი |